Largest Cities In The World According To Google Maps - Statistics

General Stats
  • This quiz has been taken 24 times
    10 since last reset
  • The average score is 54 of 81
Answer Stats
Country City % Correct
United States Chicago
100%
United States Los Angeles
100%
Mexico Mexico City
100%
United States New York
100%
Argentina Buenos Aires
89%
Egypt Cairo
89%
United States Houston
89%
United Kingdom London
89%
Canada Montreal
89%
India Mumbai
89%
India New Delhi
89%
France Paris
89%
Italy Rome
89%
Singapore Singapore
89%
Australia Sydney
89%
Japan Tokyo
89%
Canada Toronto
89%
Australia Adelaide
78%
Turkey Ankara
78%
New Zealand Auckland
78%
Thailand Bangkok
78%
China Beijing
78%
Germany Berlin
78%
Colombia Bogota
78%
South Africa Cape Town
78%
Venezuela Caracas
78%
United Arab Emirates Dubai
78%
Turkey Istanbul
78%
Indonesia Jakarta
78%
Ukraine Kyiv
78%
Peru Lima
78%
Portugal Lisbon
78%
Spain Madrid
78%
Uruguay Montevideo
78%
Russia Moscow
78%
Japan Osaka
78%
Canada Ottawa
78%
Australia Perth
78%
Ecuador Quito
78%
Saudi Arabia Riyadh
78%
Chile Santiago
78%
Brazil Sao Paulo
78%
China Shanghai
78%
Taiwan Taipei
78%
Poland Warsaw
78%
Paraguay Asuncion
67%
Australia Brisbane
67%
Tanzania Dar Es Salaam
67%
China Hong Kong
67%
India Kolkata
67%
Malaysia Kuala Lumpur
67%
Nigeria Lagos
67%
Australia Melbourne
67%
Kenya Nairobi
67%
United States Seattle
67%
Fiji Suva
67%
South Africa Durban
56%
United States Honolulu
56%
Saudi Arabia Jeddah
56%
Democratic Republic Of The Congo Kinshasa
56%
United States Las Vegas
56%
Zambia Lusaka
56%
Colombia Medellin
56%
South Africa Pretoria
56%
United States San Diego
56%
United States Anchorage
44%
Brazil Belo Horizonte
44%
India Bengaluru
44%
Senegal Dakar
44%
Mexico Guadalajara
44%
Cameroon Yaounde
44%
Ivory Coast Abidjan
33%
South Korea Busan
33%
France (French Polynesia) Papeete
33%
Indonesia Surabaya
33%
China Chongqing
22%
South Africa Gqeberha
22%
France (French Polynesia) Bora-Bora
11%
United States Hilo
11%
Chile (Easter Island) Hang Rosa
0%
United States Kailua-Kona
0%
No matching quizzes found
Score Distribution
Percent of People with Each Score
Percentile by Number Answered
Your Score History
You have not taken this quiz since the last reset